| 000 | 02388nas a22003975i 4500 | ||
|---|---|---|---|
| 001 | 1573-3890 | ||
| 003 | DE-He213 | ||
| 005 | 20260304140633.0 | ||
| 007 | cr nn 008mamaa | ||
| 008 | 150723s||||||||xxuuu poo|||||| b|EN |d | ||
| 022 | _a1573-3890 | ||
| 024 | 7 |
_a10.1007/11306.1573-3890 _2doi |
|
| 210 | 1 | 0 | _aMetabolomics |
| 245 | 1 | 0 |
_aMetabolomics _h[electronic resource] / _cedited by Sastia Prama Putri, María Eugenia Monge, Royston Goodacre, Roan Louw, Warwick Dunn. |
| 264 | 1 |
_aNew York : _bSpringer US : _bImprint: Springer. |
|
| 300 | _bonline resource. | ||
| 520 | _aMetabolomics publishes current research regarding the development of technology platforms for metabolomics. This includes, but is not limited to: metabolomic applications within man, including pre-clinical and clinical pharmacometabolomics for precision medicine metabolic profiling and fingerprinting metabolite target analysis metabolomic applications within animals, plants and microbes transcriptomics and proteomics in systems biology Metabolomics is an indispensable platform for researchers using new post-genomics approaches, to discover networks and interactions between metabolites, pharmaceuticals, SNPs, proteins and more. Its articles go beyond the genome and metabolome, by including original clinical study material together with big data from new emerging technologies. . | ||
| 650 | 0 | _aBiochemistry. | |
| 650 | 0 | _aMedicine—Research. | |
| 650 | 0 | _aBiology—Research. | |
| 650 | 0 | _aCytology. | |
| 650 | 0 |
_aDevelopmental biology. _91255 |
|
| 650 | 1 | 4 | _aChemical Biology. |
| 650 | 2 | 4 | _aBiomedical Research. |
| 650 | 2 | 4 | _aCell Biology. |
| 650 | 2 | 4 |
_aDevelopmental Biology and Stem Cells. _91259 |
| 700 | 1 |
_aPutri, Sastia Prama. _eeditor. _4edt _4http://id.loc.gov/vocabulary/relators/edt _924086 |
|
| 700 | 1 |
_aMonge, María Eugenia. _eeditor. _4edt _4http://id.loc.gov/vocabulary/relators/edt _924087 |
|
| 700 | 1 |
_aGoodacre, Royston. _eeditor. _4edt _4http://id.loc.gov/vocabulary/relators/edt _924088 |
|
| 700 | 1 |
_aLouw, Roan. _eeditor. _4edt _4http://id.loc.gov/vocabulary/relators/edt _924089 |
|
| 700 | 1 |
_aDunn, Warwick. _eeditor. _4edt _4http://id.loc.gov/vocabulary/relators/edt _924090 |
|
| 710 | 2 | _aSpringerLink (Online service) | |
| 776 | 0 | 8 |
_iPrinted version: _x1573-3882 |
| 856 | 4 | 0 |
_uhttps://doi.org/10.1007/11306.1573-3890 _zOpen Access |
| 999 |
_c455002 _d455002 |
||